|
|
|
|
| LEADER |
00000cam a2200000 a 4500 |
| 001 |
vtls009952723 |
| 003 |
SK-MaSNL |
| 005 |
20260331205216.0 |
| 008 |
251120s2009 xo a j f000 0 slo |
| 013 |
|
|
|a 286877
|b xo
|c patent
|d 20090706
|e dátum nadobudnutia účinkov patentu (Vestník ÚPV SR č.: 7/2009)
|d 20090610
|e dátum sprístupnenia patentu
|
| 013 |
|
|
|a 5048-2006
|e číslo prihlášky
|d 20060523
|e dátum podania prihlášky
|d 20071206
|e dátum zverejnenia prihlášky (Vestník ÚPV SR č.: 12/2007)
|
| 015 |
|
|
|a SNBN2015
|
| 040 |
|
|
|a SNK
|b slo
|c SNK
|e AACR2
|
| 041 |
0 |
|
|a slo
|
| 044 |
|
|
|a xo
|c SK
|
| 072 |
|
7 |
|a 662
|x Výbušniny. Palivá
|2 konspekt
|
| 072 |
|
7 |
|a 621
|x Strojárstvo
|2 konspekt
|
| 080 |
|
|
|a 621.979
|2 2001
|
| 080 |
|
|
|a 662.8.052/.053
|2 2001
|
| 084 |
|
|
|a B30B 11/00
|2 IPC
|
| 084 |
|
|
|a B29C 47/38
|2 IPC
|
| 084 |
|
|
|a B29C 47/58
|2 IPC
|
| 100 |
1 |
|
|a Šooš, Ľubomír,
|d 1959-
|4 org
|4 pth
|9 218924
|
| 245 |
1 |
0 |
|a Spôsob lisovania peliet zo sypkej organickej a/alebo anorganickej suroviny alebo surovinovej zmesi a lis na pelety
|c Ľubomír Šooš, Martin Grman ; patent. zást. Štefan Kováčik
|
| 260 |
|
|
|a [Banská Bystrica]
|b Úrad priemyselného vlastníctva SR
|c [2009]
|
| 300 |
|
|
|a 8 s.
|b obr.
|c 30 cm
|
| 650 |
0 |
7 |
|a lisy
|2 SNKPH
|9 326671
|
| 650 |
0 |
7 |
|a briketovanie
|2 SNKPH
|9 25996
|
| 650 |
0 |
7 |
|a peletovanie
|2 SNKPH
|9 25997
|
| 650 |
0 |
7 |
|a Presses
|2 SNKPHeng
|9 342205
|
| 650 |
0 |
7 |
|a Briquetting
|2 SNKPHeng
|9 409598
|
| 650 |
0 |
7 |
|a Peleting
|2 SNKPHeng
|9 342204
|
| 655 |
|
7 |
|a patenty
|2 SNKPH
|9 177343
|
| 655 |
|
7 |
|a patent licenses
|2 SNKPHeng
|9 303430
|
| 700 |
1 |
|
|a Grman, Martin
|4 org
|4 pth
|9 360387
|
| 700 |
1 |
|
|a Kováčik, Štefan
|4 oth
|9 11788
|
| 999 |
|
|
|c 659934
|d 661864
|
| 952 |
|
|
|a SNK
|b SNK
|y PREZ
|7 0
|p 17A1171570
|o snkSK 286877
|i snk2014/24142
|8 0
|0 0
|1 0
|4 0
|d 2015-10-12
|l 0
|r 2026-02-23 18:50:42
|w 2026-02-23
|